Advanced algebra / (Record no. 4299)
[ view plain ]
| 000 -LEADER | |
|---|---|
| fixed length control field | 01165nac a22003371i 4500 |
| 003 - CONTROL NUMBER IDENTIFIER | |
| control field | EG-ScBUE |
| 005 - DATE AND TIME OF LATEST TRANSACTION | |
| control field | 20240916114623.0 |
| 008 - FIXED-LENGTH DATA ELEMENTS--GENERAL INFORMATION | |
| fixed length control field | 100113t2002 ilua f 001 0 eng d |
| 020 ## - INTERNATIONAL STANDARD BOOK NUMBER | |
| International Standard Book Number | 0130585114 (part2) |
| 020 ## - INTERNATIONAL STANDARD BOOK NUMBER | |
| International Standard Book Number | 9780130585110 (part2) |
| 020 ## - INTERNATIONAL STANDARD BOOK NUMBER | |
| International Standard Book Number | 0130585106 (part 1) |
| 020 ## - INTERNATIONAL STANDARD BOOK NUMBER | |
| International Standard Book Number | 9780130585103 (part 1) |
| 040 ## - CATALOGING SOURCE | |
| Original cataloging agency | EG-ScBUE |
| Language of cataloging | eng |
| Description conventions | rda |
| Transcribing agency | EG-ScBUE |
| Modifying agency | EG-ScBUE |
| 082 04 - DEWEY DECIMAL CLASSIFICATION NUMBER | |
| Classification number | 512 |
| Edition number | 22 |
| Item number | ADV |
| 245 ## - TITLE STATEMENT | |
| Title | Advanced algebra / |
| Statement of responsibility, etc | Sharon L Senk; University of Chicago. School Mathematics Project [and eleventh others] |
| 250 ## - EDITION STATEMENT | |
| Edition statement | Second edition. |
| 250 ## - EDITION STATEMENT | |
| Edition statement | Teacher's edition. |
| 264 #1 - PUBLICATION, DISTRIBUTION, ETC. (IMPRINT) | |
| Place of publication, distribution, etc | Glenview, Ill. : |
| Name of publisher, distributor, etc | Prentice Hall, |
| Date of publication, distribution, etc | [2002] |
| 264 #4 - PUBLICATION, DISTRIBUTION, ETC. (IMPRINT) | |
| Date of publication, distribution, etc | c2002 |
| 300 ## - PHYSICAL DESCRIPTION | |
| Extent | 2 volumes : |
| Other physical details | color illustrations ; |
| Dimensions | 26 cm. |
| 336 ## - CONTENT TYPE | |
| Source | rdacontent |
| Content type term | text |
| Content type code | txt |
| 337 ## - MEDIA TYPE | |
| Media type term | unmediated |
| Source | rdamedia |
| Media type code | n |
| 338 ## - CARRIER TYPE | |
| Carrier type term | volume |
| Carrier type code | nc |
| Source | rdacarrier |
| 490 0# - SERIES STATEMENT | |
| Series statement | The University of Chicago School Mathematics Project |
| 500 ## - GENERAL NOTE | |
| General note | Includes index. |
| 505 ## - FORMATTED CONTENTS NOTE | |
| Formatted contents note | Volume 1, chapters 1-6 -- Volume 2, Chapters 7-13. |
| 650 #7 - SUBJECT ADDED ENTRY--TOPICAL TERM | |
| Topical term or geographic name as entry element | Algebra |
| Form subdivision | Textbooks. |
| Source of heading or term | BUEsh |
| 9 (RLIN) | 21104 |
| 655 ## - INDEX TERM--GENRE/FORM | |
| Form subdivision | Reading book |
| 700 1# - ADDED ENTRY--PERSONAL NAME | |
| 9 (RLIN) | 10583 |
| Personal name | Senk, Sharon Louise |
| Dates associated with a name | 1943- |
| Relator term | author. |
| 942 ## - ADDED ENTRY ELEMENTS (KOHA) | |
| Koha item type | Book - Borrowing |
| Source of classification or shelving scheme | Dewey Decimal Classification |
| Withdrawn status | Lost status | Source of classification or shelving scheme | Damaged status | Not for loan | Collection code | Home library | Current library | Shelving location | Date acquired | Source of acquisition | Total Checkouts | Full call number | Barcode | Date last seen | Koha item type | Public note | Price effective from |
|---|---|---|---|---|---|---|---|---|---|---|---|---|---|---|---|---|---|
| Dewey Decimal Classification | Baccah | Central Library | Central Library | First floor | 10/11/2010 | Purchase | 512 ADV TR | 000000150 | 15/07/2025 | Book - Teacher Resource | Pt.1 | ||||||
| Dewey Decimal Classification | Baccah | Central Library | Central Library | First floor | 10/11/2010 | Purchase | 512 ADV TR | 000000232 | 15/07/2025 | Book - Teacher Resource | Pt.2 | 21/11/2007 | |||||
| Dewey Decimal Classification | Baccah | Central Library | Central Library | First floor | 13/01/2010 | Purchase | 512 ADV TR | 000019403 | 15/07/2025 | Book - Teacher Resource | Pt. 1 | ||||||
| Dewey Decimal Classification | Donation-Gift | Central Library | Central Library | First floor | 13/01/2010 | Donation | 512 ADV TR | 000019404 | 15/07/2025 | Book - Teacher Resource | Pt.2 | 13/01/2010 |